Medzinárodné organizácie

Bibliographic Details
Main Authors: Lysák, Ladislav, 1933-2026 (Author), Grešš, Martin, 1978- (Author)
Format: Book
Language:Slovak
PhysicalDescription:224 s, [1] s. tab. príl. grafy, tab. 30 cm
Published: V Bratislave Ekonóm 2005
ISBN:8022519650
Edition:1. vyd.
Subjects:

MARC

LEADER 00000cam a2200000 a 4500
001 vtls008298649
003 SK-MaSNL
005 20260417112925.0
008 240315s2005 xo l e np 000 0 slo
015 |a SNBA2005/12-04937 
020 |a 8022519650  |q (brož.) 
035 |a 2B4CF9F7-8F97-403F-9E53-F10E77F45DB0 
035 |a urn:nbn:sk:snk-amygkw 
035 |a urn:nbn:sk:snk-am00ckah 
040 |a SNK  |b slo  |c SNK  |e AACR2 
041 0 |a slo 
044 |a xo  |c SK 
072 7 |a 327  |x Medzinárodné vzťahy, svetová politika  |2 konspekt 
080 |a (075.8)  |2 1997 
080 |a 327.7  |2 1997 
100 1 |a Lysák, Ladislav,  |d 1933-2026  |4 aut  |9 253419 
245 1 0 |a Medzinárodné organizácie  |c Ladislav Lysák, Martin Grešš 
250 |a 1. vyd. 
260 |a V Bratislave  |b Ekonóm  |c 2005 
300 |a 224 s, [1] s. tab. príl.  |b grafy, tab.  |c 30 cm 
366 |e 300 výtl. 
504 |a Obsahuje bibliografiu 
650 0 7 |a medzinárodné inštitúcie a organizácie  |2 SNKPH  |9 73817 
655 7 |a učebnice vysokých škôl  |2 SNKPH  |9 70191 
700 1 |a Grešš, Martin,  |d 1978-  |4 aut  |9 217931 
752 |a Slovensko  |d Bratislava 
852 |a Slovenská národná knižnica 
919 |a 80-225-1965-0 
954 |a odborná, vedecká literatúra pôvodná (slovenská)  |2 lita 
968 |d 32 
999 |c 734331  |d 736261 
952 |a SNK  |b SNK  |y PREZ  |7 0  |p 17A0484731  |o snkSB 71052  |i snk2005/16278  |8 0  |0 0  |1 0  |4 0  |d 2005-09-30  |f 1  |l 0  |r 2025-04-23 00:00:00  |w 2026-02-23 
952 |a SNK  |b SNK  |y VYP  |7 0  |p 17A0484732  |o snkSB 71052 D1  |i snk2005/16279  |8 0  |0 0  |1 0  |4 0  |d 2005-09-30  |l 0  |r 2026-02-23 22:40:09  |w 2026-02-23